Student handbook for The Study of the future /

Bibliographic Details
Corporate Author: World Future Society
Other Authors: Didsbury, Howard F., 1924-2012, Crider, James J., Cornish, Edward, 1927-
Format: Book
Language:English
Published: Washington, D.C. : World Future Society, [1979]
Subjects:

MARC

Tag First Indicator Second Indicator Subfields
LEADER 00000pam a2200000 a 4500
001 in00000077671
005 20151008053819.0
008 790803s1979 dcua b 00000 engm
010 |a  79019362  
020 |a 093024205X 
035 |a (OCoLC)05310701 
035 |9 AAH8728AM 
040 |a DLC  |c DLC  |d m.c.  |d TXA  |d UtOrBLW 
049 |a TXAM  |c [800339] 
050 0 0 |a CB158  |b .S86 
082 0 |a 001.4/33 
245 0 0 |a Student handbook for The Study of the future /  |c prepared by Howard F. Didsbury, Jr., assisted by James J. Crider. 
264 1 |a Washington, D.C. :  |b World Future Society,  |c [1979] 
264 4 |c ©1979 
300 |a 179 pages :  |b illustrations ;  |c 28 cm. 
336 |a text  |b txt  |2 rdacontent 
337 |a unmediated  |b n  |2 rdamedia 
338 |a volume  |b nc  |2 rdacarrier 
504 |a Includes bibliographical references. 
650 0 |a Forecasting. 
700 1 |a Didsbury, Howard F.,  |d 1924-2012. 
700 1 |a Crider, James J. 
700 1 |a Cornish, Edward,  |d 1927-  |t Study of the future. 
710 2 |a World Future Society. 
999 |a MARS 
999 f f |s b0966d8c-925c-3b8b-9df2-1beca33e0b62  |i a7a36faf-9ef4-3b4b-a4e9-44c53c680b03  |t 0 
952 f f |p ric  |a Texas A&M University  |b Rellis Campus  |c Joint Library Facility  |d Remote Storage  |t 0  |e CB158 .S86  |h Library of Congress classification  |i unmediated -- volume  |m A14806093480 
998 f f |a CB158 .S86  |t 0  |l Remote Storage